000 00548nam a22001697a 4500
005 20251108165343.0
008 250721s1992 xx 000 0 ara d
082 1 4 _a961.2/مصط
100 1 _aبن حليم، مصطفى أحمد
245 1 0 _aصفحات مطوية من تاريخ ليبيا السياسي :
_bمذكرات رئيس وزراء ليبيا الأسبق /
264 1 _aلندن :
_c1992.
300 _a847ص
650 1 7 _aتاريخ ليبيا
650 1 7 _aالتاريخ السياسي
942 _2ddc
_cBK
999 _c25847
_d25847